Giáo dục công dân 7: Sách giáo viên
v.v...
Đã lưu trong:
| Tác giả chính: | |
|---|---|
| Định dạng: | Sách |
| Năm xuất bản: |
H.:
Giáo dục,
2006
|
| Chủ đề: | |
| Tags: |
Thêm thẻ
Không có thẻ, Hãy là người đầu tiên gắn thẻ bản ghi này!
|
| LEADER | 02140nam a2200253 4500 | ||
|---|---|---|---|
| 082 | |a 370.114071 |b Gi108d | ||
| 100 | |a Hà Nhật Thăng tổng chủ biên, Phạm Văn Hùng chủ biên, Đặng Thúy Anh,... | ||
| 245 | |a Giáo dục công dân 7: |c Hà Nhật Thăng tổng chủ biên, Phạm Văn Hùng chủ biên, Đặng Thúy Anh,... |b Sách giáo viên | ||
| 260 | |a H.: |b Giáo dục, |c 2006 | ||
| 300 | |a 112tr.; |c 24cm. | ||
| 520 | |a v.v... | ||
| 653 | |a Giáo dục công dân | ||
| 942 | |2 ddc |c STK0 | ||
| 999 | |c 11582 |d 11582 | ||
| 952 | |0 0 |1 0 |2 ddc |4 0 |6 370_114071000000000_GI108D |7 0 |8 300 |9 99013 |a qbu |b qbu |c D2 |d 2015-11-16 |g 4500 |o 370.114071 Gi108d |p 11064.c1 |r 0000-00-00 |w 2015-11-16 |y STK0 | ||
| 952 | |0 0 |1 0 |2 ddc |4 0 |6 370_114071000000000_GI108D |7 0 |8 300 |9 99014 |a qbu |b qbu |c D2 |d 2015-11-16 |g 4500 |o 370.114071 Gi108d |p 11064.c2 |r 0000-00-00 |w 2015-11-16 |y STK0 | ||
| 952 | |0 0 |1 0 |2 ddc |4 0 |6 370_114071000000000_GI108D |7 0 |8 300 |9 99015 |a qbu |b qbu |c D2 |d 2015-11-16 |g 4500 |o 370.114071 Gi108d |p 11064.c3 |r 0000-00-00 |w 2015-11-16 |y STK0 | ||
| 952 | |0 0 |1 0 |2 ddc |4 0 |6 370_114071000000000_GI108D |7 0 |8 300 |9 99016 |a qbu |b qbu |c D2 |d 2015-11-16 |g 4500 |o 370.114071 Gi108d |p 11064.c4 |r 0000-00-00 |w 2015-11-16 |y STK0 | ||
| 952 | |0 0 |1 0 |2 ddc |4 0 |6 370_114071000000000_GI108D |7 0 |8 300 |9 99017 |a qbu |b qbu |c D2 |d 2015-11-16 |g 4500 |o 370.114071 Gi108d |p 11064.c5 |r 0000-00-00 |w 2015-11-16 |y STK0 | ||
| 952 | |0 0 |1 0 |2 ddc |4 0 |6 370_114071000000000_GI108D |7 0 |8 300 |9 99018 |a qbu |b qbu |c D2 |d 2015-11-16 |g 4500 |o 370.114071 Gi108d |p 11064.c6 |r 0000-00-00 |w 2015-11-16 |y STK0 | ||
| 952 | |0 0 |1 0 |2 ddc |4 0 |6 370_114071000000000_GI108D |7 0 |8 300 |9 99019 |a qbu |b qbu |c D2 |d 2015-11-16 |g 4500 |o 370.114071 Gi108d |p 11064.c7 |r 0000-00-00 |w 2015-11-16 |y STK0 | ||
| 952 | |0 0 |1 0 |2 ddc |4 0 |6 370_114071000000000_GI108D |7 0 |8 300 |9 99020 |a qbu |b qbu |c D2 |d 2015-11-16 |g 4500 |o 370.114071 Gi108d |p 11064.c8 |r 0000-00-00 |w 2015-11-16 |y STK0 | ||
| 952 | |0 0 |1 0 |2 ddc |4 0 |6 370_114071000000000_GI108D |7 0 |8 300 |9 99021 |a qbu |b qbu |c D2 |d 2015-11-16 |g 4500 |o 370.114071 Gi108d |p 11064.c9 |r 0000-00-00 |w 2015-11-16 |y STK0 | ||
| 952 | |0 0 |1 0 |2 ddc |4 0 |6 370_114071000000000_GI108D |7 0 |8 300 |9 99022 |a qbu |b qbu |c D2 |d 2015-11-16 |g 4500 |o 370.114071 Gi108d |p 11064.c10 |r 0000-00-00 |w 2015-11-16 |y STK0 | ||